Câu đối dân gian truyền thống Việt Nam

Tổng quan về câu đối dân gian, các thể loại câu đối dân gian truyền thống dùng trong những dịp mừng xuân, phúng viếng, khao vọng và câu đối dân gian về cảnh đẹp, con người, làng nghề truyền thống, đặc sản quê hương Việt Nam. Đồng thời thống kê, sưu tầm, chú giải một số câu đối dân gian truyền thống...

Popoln opis

Shranjeno v:
Bibliografske podrobnosti
Glavni avtor: Trần Gia Linh
Format: Knjiga
Jezik:Vietnamese
Izdano: H. Văn hóa dân tộc 2011
Teme:
Oznake: Označite
Brez oznak, prvi označite!
Thư viện lưu trữ: Mạng thư viện Đại học Đà Nẵng
LEADER 01614aam a22003378a 4500
001 000015848
003 12232
005 20120605150607.0
008 120605s2011 viesd
020 |a 978604700630  |d 2000b 
041 0 |a vie 
082 1 4 |2 14  |a 398.209597  |b TR-L 
100 1 |a Trần Gia Linh 
245 1 0 |a Câu đối dân gian truyền thống Việt Nam  |c Trần Gia Linh s.t., b.s., giới thiệu 
260 |a H.  |b Văn hóa dân tộc  |c 2011 
300 |a 255tr.  |c 21cm 
500 |a ĐTTS ghi: Hội Văn nghệ dân gian Việt Nam 
520 |a Tổng quan về câu đối dân gian, các thể loại câu đối dân gian truyền thống dùng trong những dịp mừng xuân, phúng viếng, khao vọng và câu đối dân gian về cảnh đẹp, con người, làng nghề truyền thống, đặc sản quê hương Việt Nam. Đồng thời thống kê, sưu tầm, chú giải một số câu đối dân gian truyền thống được sắp xếp theo thứ tự bảng chữ cái 
650 7 |2 Bộ TK TVQG  |a Văn học dân gian 
651 7 |2 Bộ TK TVQG  |a Việt Nam 
655 7 |2 Bộ TK TVQG  |a Câu đối 
OWN |a LSP 
AVA |a UDN50  |b LSP  |d 398.209597 TR-L  |e available  |t Error 5001 Not defined in file expand_doc_bib_avail.  |f 1  |g 0  |h N  |i 0  |k 1 
999 |a From the UDN01 
AVA |a UDN50  |b LSP  |d 398.209597 TR-L  |e available  |t Error 5001 Not defined in file expand_doc_bib_avail.  |f 1  |g 0  |h N  |i 0  |k 1 
TYP |a Monograph 
TYP |a Printed language 
980 |a Mạng thư viện Đại học Đà Nẵng